000 00464nam a2200181Ia 4500
001 8361
005 20260306160603.0
008 260306t2005||||xx |||||||||||||| ||spa||
041 _aESP
082 _a370.7
_bE18
100 _aEchevarría, Hugo Darío
_eAUT
245 0 _aLos diseños de investigación y su implementación en educación
260 _c2005
300 _a136 páginas :
_c22 cm.
650 _aGEN
654 _aCED
942 _cLIB
_dJUS
_fJUS
_2ddc
_n
999 _c8361
_d8361